000 00326nam a2200133Ia 4500
008 190216s9999||||xx |||||||||||||| ||und||
100 _aLawrence R Klein
245 0 _aIntroduction To Econometrics
250 _a1st Ed.
260 _bPrentice Hall Of India Pvt Ltd
_c1965
300 _a280
650 _aEconomics
942 _cBK
999 _c9114
_d9114